Quality management : (Record no. 6922)
[ view plain ]
| 000 -LEADER | |
|---|---|
| fixed length control field | 01660nac a22002531u 4500 |
| 010 ## - LIBRARY OF CONGRESS CONTROL NUMBER | |
| LC control number | 92006945 |
| 020 ## - INTERNATIONAL STANDARD BOOK NUMBER | |
| International Standard Book Number | 1556235402 |
| 082 00 - DEWEY DECIMAL CLASSIFICATION NUMBER | |
| Classification number | 658.4 |
| Item number | BRO |
| 090 ## - LOCALLY ASSIGNED LC-TYPE CALL NUMBER (OCLC); LOCAL CALL NUMBER (OCLC) | |
| -- | 6922 |
| -- | 6922 |
| 100 ## - MAIN ENTRY--PERSONAL NAME | |
| Personal name | Brocka, Bruce. |
| 245 10 - TITLE STATEMENT | |
| Title | Quality management : |
| Remainder of title | implementing the best ideas of the masters / |
| Statement of responsibility, etc | Bruce Brocka and M. Suzanne Brocka. |
| 260 ## - PUBLICATION, DISTRIBUTION, ETC. (IMPRINT) | |
| Place of publication, distribution, etc | Homewood, Ill. : |
| Name of publisher, distributor, etc | Business One Irwin,c1992. |
| Date of publication, distribution, etc | c1992. |
| 300 ## - PHYSICAL DESCRIPTION | |
| Extent | xvii, 408 p. : |
| Other physical details | ill. ; |
| Dimensions | 24 cm. |
| 500 ## - GENERAL NOTE | |
| General note | Distributer: Al-Ahram. |
| 504 ## - BIBLIOGRAPHY, ETC. NOTE | |
| Bibliography, etc | Includes bibliographical references (p. 323-368) and index. |
| 505 0# - FORMATTED CONTENTS NOTE | |
| Formatted contents note | What is quality management? -- Why quality management? -- Primary elements of quality management -- Implementation -- Philip Crosby -- W. Edwards Deming -- Armand V. Feigenbaum -- Kaoru Ishikawa -- Joseph M. Juran -- Tom Peters -- Genichi Taguchi -- Historical masters -- Companywide dynamics -- Supervisory level dynamics -- Maximizing individual performance -- Organizing -- Planning -- Self-examination -- Group techniques -- Statistical tools -- Specialized techniques -- Appendices: When all else fails--75 quick start ideas. 1992 examination items and point values. |
| 511 ## - PARTICIPANT OR PERFORMER NOTE | |
| Participant or performer note | Catalogued By: Mahitab. |
| 650 #0 - SUBJECT ADDED ENTRY--TOPICAL TERM | |
| Topical term or geographic name as entry element | Total quality management. |
| 700 1# - ADDED ENTRY--PERSONAL NAME | |
| Personal name | Brocka, M. Suzanne. |
| 856 42 - ELECTRONIC LOCATION AND ACCESS | |
| Materials specified | Publisher description |
| Uniform Resource Identifier | <a href="http://www.loc.gov/catdir/description/mh022/92006945.html">http://www.loc.gov/catdir/description/mh022/92006945.html</a> |
| 942 ## - ADDED ENTRY ELEMENTS (KOHA) | |
| Item type | Book - Borrowing |
| Call number prefix | 658.4BRO |
| Withdrawn status | Item status | Damaged status | Not for loan | Home library | Current library | Shelving location | Date acquired | Source of acquisition | Total Checkouts | Total Renewals | Full call number | Barcode | Date last seen | Date last borrowed | Koha item type |
|---|---|---|---|---|---|---|---|---|---|---|---|---|---|---|---|
| Central Library | Central Library | First floor | 07/12/2010 | Purchase | 3 | 2 | 658.4BRO | 000008533 | 15/07/2025 | 21/04/2013 | Book - Borrowing | ||||
| Central Library | Central Library | First floor | 08/01/2015 | Purchase | 1 | 658.4BRO | 000008758 | 15/07/2025 | 21/04/2013 | NB - Book (Non borrowing) | |||||
| Central Library | Central Library | First floor | 15/01/2008 | Purchase | 3 | 17 | 658.4BRO | 000011290 | 15/07/2025 | 29/02/2020 | Book - Borrowing |